<?xml version="1.0" encoding="UTF-8"?>
<marc:record xmlns:marc="http://www.loc.gov/MARC21/slim">
   <marc:leader>00000nam a2200000 a 4500</marc:leader>
   <marc:datafield ind1="1" ind2=" " tag="100">
      <marc:subfield code="a">Scherer, Klaus</marc:subfield>
      <marc:subfield code="4">aut</marc:subfield>
      <marc:subfield code="e">Verfasser/-in</marc:subfield>
   </marc:datafield>
   <marc:datafield ind1=" " ind2=" " tag="653">
      <marc:subfield code="a">Geschichte 2011-2012</marc:subfield>
   </marc:datafield>
   <marc:datafield ind1=" " ind2=" " tag="653">
      <marc:subfield code="a">Innenpolitik</marc:subfield>
   </marc:datafield>
   <marc:datafield ind1=" " ind2=" " tag="653">
      <marc:subfield code="a">Präsidentenwahl</marc:subfield>
   </marc:datafield>
   <marc:datafield ind1=" " ind2=" " tag="653">
      <marc:subfield code="a">Wahlkampf</marc:subfield>
   </marc:datafield>
   <marc:datafield ind1=" " ind2=" " tag="653">
      <marc:subfield code="a">Politische Kultur</marc:subfield>
   </marc:datafield>
   <marc:datafield ind1=" " ind2=" " tag="653">
      <marc:subfield code="a">Alltag</marc:subfield>
   </marc:datafield>
   <marc:datafield ind1=" " ind2=" " tag="653">
      <marc:subfield code="a">Wirtschaftskrise</marc:subfield>
   </marc:datafield>
   <marc:datafield ind1=" " ind2=" " tag="653">
      <marc:subfield code="a">Softcover / Sachbücher/Politik</marc:subfield>
   </marc:datafield>
   <marc:datafield ind1=" " ind2=" " tag="653">
      <marc:subfield code="a">Gesellschaft</marc:subfield>
   </marc:datafield>
   <marc:datafield ind1=" " ind2=" " tag="653">
      <marc:subfield code="a">Wirtschaft/Politik</marc:subfield>
   </marc:datafield>
   <marc:datafield ind1=" " ind2=" " tag="653">
      <marc:subfield code="a">9</marc:subfield>
   </marc:datafield>
   <marc:datafield ind1="0" ind2="0" tag="245">
      <marc:subfield code="a">Wahnsinn Amerika</marc:subfield>
   </marc:datafield>
   <marc:datafield ind1="0" ind2="0" tag="245">
      <marc:subfield code="b">Innenansichten einer Weltmacht</marc:subfield>
   </marc:datafield>
   <marc:datafield ind1="0" ind2="0" tag="245">
      <marc:subfield code="c">Klaus Scherer</marc:subfield>
   </marc:datafield>
   <marc:datafield ind1=" " ind2="1" tag="264">
      <marc:subfield code="a">München</marc:subfield>
      <marc:subfield code="b">Piper</marc:subfield>
      <marc:subfield code="c">2012</marc:subfield>
   </marc:datafield>
   <marc:datafield ind1="1" ind2=" " tag="520">
      <marc:subfield code="a">Angaben aus der Verlagsmeldung

Wahnsinn Amerika : Innenansichten einer Weltmacht / von Klaus Scherer

»Man muss Washington verlassen, um Amerika besser zu verstehen«, sagt ARD-Korrespondent und Grimme-Preisträger Klaus Scherer. Und fügt kleine Geschichten aus Alltag, Politik und Lagerkämpfen zusammen - zu einem großen, aktuellen Bild der Supermacht.
Klaus Scherer trifft nicht nur, wie es seine Chronistenpflicht ist, US-Politiker und ihre Berater, sondern nimmt das ganze Riesenland unter die Lupe. Er begleitet Armenhelfer in Arizona und Kentucky ebenso wie Immobilien-Zocker in Kalifornien. FBI-Fahnder erklären ihm, wie das Land in seine tiefste Krise rutschte, und langjährige US-Sicherheitsberater, was sie als nächste Herausforderungen fürchten. Detail- und pointenreich schildert er den Richtungskampf, der zwischen der letzten und der kommenden Präsidentschaftswahl nie aufgehört hat und der die Supermacht, womöglich gar gegen den Wählerwillen, noch weitere vier Jahre lähmen könnte. Seinen eigenen, oft kuriosen Alltag als Fernsehreporter, Familienvater und Vielreisender in den USA klammert Scherer - zum Gewinn des Lesers - dabei nicht aus.
</marc:subfield>
   </marc:datafield>
   <marc:datafield ind1=" " ind2=" " tag="020">
      <marc:subfield code="a">9783492055314</marc:subfield>
      <marc:subfield code="9">9783492055314</marc:subfield>
   </marc:datafield>
   <marc:datafield ind1=" " ind2=" " tag="020">
      <marc:subfield code="a">3492055311</marc:subfield>
      <marc:subfield code="9">3492055311</marc:subfield>
   </marc:datafield>
   <marc:datafield ind1=" " ind2=" " tag="300">
      <marc:subfield code="a">284, [16] S.</marc:subfield>
   </marc:datafield>
</marc:record>
